Studies on composition of latex serum and bottom fraction particles (Record no. 69564)

MARC details
000 -LEADER
fixed length control field 00474nam a2200169Ia 4500
100 ## - MAIN ENTRY--AUTHOR NAME
Personal name Archer B L
245 #0 - TITLE STATEMENT
Title Studies on composition of latex serum and bottom fraction particles
260 ## - PUBLICATION, DISTRIBUTION, ETC. (IMPRINT)
Name of publisher Journal of the Rubber Research Institute of Malaya
Year of publication 1969
300 ## - PHYSICAL DESCRIPTION
Number of Pages 560-569
650 ## - SUBJECT ADDED ENTRY--TOPICAL TERM
Topical Term Bottom fraction
650 ## - SUBJECT ADDED ENTRY--TOPICAL TERM
Topical Term Latex
700 ## - ADDED ENTRY--PERSONAL NAME
Personal name Audley B G
700 ## - ADDED ENTRY--PERSONAL NAME
Personal name Hong Tan Chee
700 ## - ADDED ENTRY--PERSONAL NAME
Personal name McSweeney G
942 ## - ADDED ENTRY ELEMENTS (KOHA)
Koha item type Journals
Holdings
Withdrawn status Lost status Damaged status Not for loan Home library Current library Date acquired Serial Enumeration / chronology Koha item type
      Journals RRII Library RRII Library 17/12/2021 Volume 21, Issue 4 Journals